Standard Test Method for Temperature Calibration of Differential Scanning Calorimeters and Differential Scanning Calorimeters and Differential Thermal Analyzers. ASTM E967 - 08

Salvato in:
Dettagli Bibliografici
Natura: Libro
Lingua:inglese
Pubblicazione: West Conshohocken : ASTM, [2008]
Tags: Aggiungi Tag
Nessun Tag, puoi essere il primo ad aggiungerne!!

MARC

LEADER 00000nam a22000003a 4500
001 stu256838
005 20141123174411.2
008 121106s2008----xxu-----------------eng-d
040 |a STU  |b slo 
041 0 |a eng 
044 |a xxu 
080 |a 620 
245 |a Standard Test Method for Temperature Calibration of Differential Scanning Calorimeters and Differential Scanning Calorimeters and Differential Thermal Analyzers. ASTM E967 - 08 
260 |a West Conshohocken :  |b ASTM,  |c [2008] 
300 |a 4 s 
996 |b 284M084102  |c M*N-1547-1  |l MMKN  |s A  |a 24  |w stu256838_0001